Unity or poverty? The economics of Pan-Africanism

Uloženo v:
Podrobná bibliografie
Hlavní autor: Green, Reginald H.
Médium: Kniha
Jazyk:Undetermined
Vydáno: Harmondsworth Penguin 1968
Témata:
Tagy: Přidat tag
Žádné tagy, Buďte první, kdo otaguje tento záznam!
Thư viện lưu trữ: Trung tâm Học liệu Trường Đại học Cần Thơ
LEADER 00549nam a2200205Ia 4500
001 CTU_96395
008 210402s9999 xx 000 0 und d
082 |a 338.96 
082 |b G795 
100 |a Green, Reginald H. 
245 0 |a Unity or poverty? 
245 4 |b The economics of Pan-Africanism 
245 0 |c Reginald H. Green, Ann Seidman 
260 |a Harmondsworth 
260 |b Penguin 
260 |c 1968 
650 |a Economic integration 
650 |z Africa 
904 |i Giang 
980 |a Trung tâm Học liệu Trường Đại học Cần Thơ